| 000 | 00637nam a2200217 u 4500 | ||
|---|---|---|---|
| 005 | 20240924071257.0 | ||
| 008 | 121106s2006 r 000 0 eng d | ||
| 020 | _a8488342942 | ||
| 035 | _aUPN01000188192 | ||
| 049 | _aI | ||
| 050 | 4 |
_aPZ75 _bG4.3 |
|
| 100 | 1 |
_aGeeslin, Campbell, _d1925- _933629 |
|
| 245 | 1 | 0 |
_aElenita / _cCampbell Geeslin ; il. Ana Juan. |
| 260 |
_a[S.l.] : _bKókinos, _c2006. |
||
| 300 |
_a[36] p. : _bprincipalmente il. col. |
||
| 650 | 4 |
_aLiteratura infantil _94445 |
|
| 650 | 4 |
_aNIÑOS COMO ARTISTAS _921938 |
|
| 650 | 7 |
_aLibros ilustrados para niños _2 _921365 |
|
| 905 | _aInfantil | ||
| 999 |
_c160295 _d160295 |
||